00293nam a2200097Ia 4500008004100000040002900041050002300070100001600093245005000109260003600159230222s9999||||xx |||||||||||||| ||und|| cChuka University Library aHF 5437 bS2 1997  aSALEEMI N.A 0aPURCHASING AND SUPPLIES MANAGEMENT SIMPLIFIED aFocus publishersbNairobic1997